000 00915nam a22002537i 4500
999 _c23074
_d23074
003 AR-CdUCM
008 240923b20102010 peao||| |||| 00| 0 spa d
020 _a978-9972-9765-9-9
040 _aMUNICIPALIDAD PROVINCIAL DEL CUSCO
_cBIBLIOTECA MUNICIPAL DEL CUSCO
041 _hspa
082 _a551.46 / B17
_bB17
100 _aBalaguer, Alejandro
_950653
245 _aAgua Madre Verdades e Imágenes :
_bMother Water Truths and Images /
260 _bGraph & Consult
_c2010
300 _a251 páginas. :
_c30 cm.
505 _aApus que dan vida -- Visión andina y mundial -- Ciencia en el lejano sur -- Los otros bosques de América -- Proyección al futuro
650 _aApus vida
_950654
650 _aVisión andina
_950655
650 _aBosques de América
_950656
650 _aProyección al futuro
_950657
650 _aCiencia lejano sur
_950658
942 _2ddc
_cLIBROS
945 _apbj
_d2024-09-23